| 000 | 00557nam a22001937a 4500 | ||
|---|---|---|---|
| 005 | 20140811122754.0 | ||
| 010 | _aENG-110370 | ||
| 020 |
_a9788183231084 _c395.00 |
||
| 035 | _aEN-93902 | ||
| 037 | _bDBAD/PUB | ||
| 082 | _a658 | ||
| 245 |
_aCases in management / _cedited by Ganesh Singh [and] Raj Agrawal |
||
| 260 |
_aNew Delhi _bExcel Books _c2013 |
||
| 270 |
_aA-45, Naraina, Phase I _bNew Delhi _e110028 |
||
| 300 |
_aV.1(xiv,218p.) _c23cm(pbk) |
||
| 700 | _aGanesh Singh | ||
| 700 | _aAgrawal, Raj | ||
| 942 |
_2ddc _cEN _mCAS _h658 |
||
| 999 |
_c86393 _d86393 |
||